DragonBall Z : Test - Statistiques

Statistiques générales
  • Ce quiz a été pris 732 fois
  • Le résultat moyen est 10 sur 15
Statistiques - réponses
Question Réponse % Correct
Qui est le plus puissant des saiyans dans l'Arc Saiyan ? Bejita
92%
Qui utilise sa forme de combat évoluée face à Bejita sur Namek ? Zabon
88%
Quel est le souhait de Goku lors de la défaite de Kid Buu ? Que Kid Buu se réincarne en un être bienfaisant
85%
Qu'espère Goku lors du 28ème Tenkaichi Budôkai ? Affronter Uub
82%
Avec qui Goku envisage de fusionner en premier face à Buu (Gotenks absorbé) ? Gohan
74%
Qui lance la tête de C-16 ? Mister Satan
71%
De quel royaume Dabra est le roi ? Royaume des Démons
68%
Quelle technique utilise Goku à son maximum pendant le combat face Bejita ? Yombai Kaioken / kaioken x4
66%
Qui a créé Majin Buu ? Bibidi
64%
Comment s'appelle la technique pour unifier Piccolo et Nail ? Assimilation
62%
Combien de fois Bejita s’entraîne dans la Salle du l'Esprit et du Temps dans l'Arc Cell ? 2 fois
57%
Selon Trunks, dans combien d'années vont apparaître les cyborgs ? 3 ans
53%
A quel niveau de puissance se situe Frieza (par rapport à son maximum) lors de sa rencontre avec Goku ? 50 %
53%
Pourquoi Bejito s'est laissé absorber par Buu (Gohan absorbé) ? pour sauver les guerriers Z
52%
Quel âge a Pan lors du 28ème Tenkaichi Budôkai ? 4 ans
51%
Aucun quiz correspondant
Distribution des résultats
% des personnes avec chaque résultat
Percentile par nombre de réponses
Votre historique - résultats
Vous n’avez pas pris ce quiz